| 000 | 00484nam a2200169Ia 4500 | ||
|---|---|---|---|
| 003 | GCL | ||
| 008 | 140319s9999 xx 000 0 eng d | ||
| 040 |
_aGCL / _cGCL |
||
| 082 | 0 | 4 |
_a720.1 _bC A |
| 100 | 1 | _aCHING, FRANCIS D.K | |
| 245 | 1 | 0 |
_aARCHITECTURE: FORM, SPACE AND ORDER / _cCHING, FRANCIS D.K |
| 260 |
_a[S.N] : _bVAN NOSTRAND REINHOLD ، _c1996 |
||
| 300 | _a400 P | ||
| 650 | 0 | 4 | _aARCHITECTURE - COMPOSITON - PREPARATION |
| 650 | 0 | 4 | _aSPACE ARCHITECTURE |
| 942 |
_2ddc _cBK |
||
| 999 |
_c13919 _d13919 |
||